Central Library OPAC University of Rajshahi

An introduction to thermodynamics, the kinetic theory of gases, and statistical mechanics / (Record no. 67730)

MARC details
000 -LEADER
fixed length control field 01061nam a2200289 a 4500
001 - CONTROL NUMBER
control field 67730
003 - CONTROL NUMBER IDENTIFIER
rucl marc code BD-RjUL
005 - DATE AND TIME OF LATEST TRANSACTION
control field 20211209081704.0
008 - FIXED-LENGTH DATA ELEMENTS--GENERAL INFORMATION
fixed length control field 170328r19701953enk||||| |||| 00| 0 eng d
035 ## - SYSTEM CONTROL NUMBER
System control number (BD-RjUL)67939
040 ## - CATALOGING SOURCE
Original cataloging agency BD-RjUL
Language of cataloging eng
Transcribing agency BD-RjUL
Modifying agency BD-RjUL
041 ## - LANGUAGE CODE
Language code of text/sound track or separate title eng
082 ## - DEWEY DECIMAL CLASSIFICATION NUMBER
Edition number 23
Classification number 536.7
Author mark and year SEI 1970
100 1# - MAIN ENTRY--PERSONAL NAME
Personal name Sears, Francis Weston
9 (RLIN) 120049
245 12 - TITLE STATEMENT
Title An introduction to thermodynamics, the kinetic theory of gases, and statistical mechanics /
Statement of responsibility, etc. by Francis Weston Sears
250 ## - EDITION STATEMENT
Edition statement 2nd ed. , Addison-Wesley world student series ed.
260 ## - PUBLICATION, DISTRIBUTION, ETC. (IMPRINT)
Place of publication, distribution, etc. London :
Name of publisher, distributor, etc. Addison-Wesley,
Date of publication, distribution, etc. 1953 [Printing 1964,1969, 1970]
300 ## - PHYSICAL DESCRIPTION
Pagination x, 374 p. :
Illustrations ill. ;
Size 22 cm.
490 ## - SERIES STATEMENT
Series statement Principles of Physics Series.
Series statement Addison-Wesley series in Physics
Series statement Addison-Wesley World Student Series
650 ## - SUBJECT ADDED ENTRY--TOPICAL TERM
Topical term or geographic name as entry element Thermodynamics
9 (RLIN) 200799
830 ## - SERIES ADDED ENTRY--UNIFORM TITLE
Uniform title Principles of Physics Series.
Uniform title Addison-Wesley series in Physics
Uniform title Addison-Wesley World Student Series
942 ## - ADDED ENTRY ELEMENTS (KOHA)
Source of classification or shelving scheme Dewey Decimal Classification
Koha item type Books
Holdings
Lost status Source of classification or shelving scheme Damaged status Not for loan Collection code Permanent Location Current Location Shelving location Date acquired Source of acquisition Cost, normal purchase price Total Checkouts Full call number Date last seen Copy number Koha item type Date checked out
  Dewey Decimal Classification   Not For Loan Non-fiction Central Library, University of Rajshahi Central Library, University of Rajshahi Reading Room 12/02/1963 Zeitlinger 74.00   536.7 SEI 1953 28/03/2017 C-1 Books  
  Dewey Decimal Classification     Non-fiction Central Library, University of Rajshahi Central Library, University of Rajshahi   26/03/1963 Zeitlinger 74.00 1 536.7 SEI 1953 09/05/2019 C-2 Books 30/04/2019
  Dewey Decimal Classification     Non-fiction Central Library, University of Rajshahi Central Library, University of Rajshahi   09/01/1974 U.S. Govt.     536.7 SEI 1964 25/05/2017 C-3 Books  
  Dewey Decimal Classification     Non-fiction Central Library, University of Rajshahi Central Library, University of Rajshahi   14/07/1973 Mitali Prokasoni, Rajshahi 44.55   536.7 SEI 1970 25/05/2017 C-4 Books  
  Dewey Decimal Classification     Non-fiction Central Library, University of Rajshahi Central Library, University of Rajshahi   09/01/1974 U.S. Govt.     536.7 SEI 1964 25/05/2017 C-5 Books  
  Dewey Decimal Classification     Non-fiction Central Library, University of Rajshahi Central Library, University of Rajshahi   03/09/2018       536.7 SEI 1964 03/09/2018 C-6 Books  
  Dewey Decimal Classification     Non-fiction Central Library, University of Rajshahi Central Library, University of Rajshahi   14/07/1973 Mitali Prokason     536.7 SEI 1970 11/10/2018 C-7 Books  
  Dewey Decimal Classification     Non-fiction Central Library, University of Rajshahi Central Library, University of Rajshahi   16/03/2020       536.7 SEI 1970 16/03/2020 C-8 Books  
  Dewey Decimal Classification     Non-fiction Central Library, University of Rajshahi Central Library, University of Rajshahi General Stacks 12/02/1964 Zeitlinger 74.00   536.7 SEI 1964 28/08/2022 C-9 Books  
  Dewey Decimal Classification     Non-fiction Central Library, University of Rajshahi Central Library, University of Rajshahi General Stacks 12/02/1964 Zeitlinger 74.00   536.7 SEI 1964 28/08/2022 C-10 Books